Statistics for FNaF Lore Questions

Click here to take the quiz!

General Stats

  • This quiz has been taken 4,105 times
  • The average score is 19 of 40

Answer Stats

HintAnswer% Correct
Who is the Murderer?William Afton
97%
What animatronic plushie has entire levels dedicated to it in FNaF VR?Circus Baby
87%
What Animatronic killed her?Circus Baby
87%
Who is the Murderer's Older Son?Michael Afton
84%
Who is the Murderer's DaughterElizabeth Afton
82%
What is William Afton's signature color?Purple
81%
What animatronic killed The Crying Child?Fredbear
79%
What animatronic suit trapped the Murderer?Spring Bonnie
77%
What is William Afton's first suit?Spring Bonnie
77%
What is William Afton's second suit?Springtrap
76%
What animatronic crashes your game in FNaF 1 if they jumpscare you?Golden Freddy
72%
Who is the Murderer's Younger Son/Bite Victim?The Crying Child
72%
Who burns the FNaF 6 Location down?Henry
65%
What is The Crying Child's suspected name?Evan Afton
62%
Who created the franchise?Scott Cawthon
57%
What is William Afton's fourth suit?Glitchtrap
56%
How long was he trapped?30 years
55%
What is William Afton's third suit?Scraptrap
55%
Who is the Nightguard for FNaF 1?Mike Schmidt
53%
What is the name of Golden Freddy's spirit?Cassidy
52%
What are the "children" of Nightmare Freddy called?Freddles
50%
Who is the most hated animatronic?Balloon Boy
46%
Who is the Nightguard for FNaF 2?Jeremy Fitzgerald
43%
What "animatronic" was the first to be possessed?Marionette
42%
What animatronic crashes your game in FNaF 2 if they jumpscare you?Shadow Bonnie
38%
Where did he end up? (FNaF 3 Location)Fazbear's Fright
32%
What mask appears in FNaF VR in the celler of the Halloween Maze?Vanny
32%
What sometimes jumpscares you in FNaF 4?Cupcake
30%
Who helps in the making of FNaF VR?SteelWool
25%
What is the animatronic dog's name in the book series?Fetch
22%
Who greets you in the farthest level in the FNAF World Glitched Area?Old Man Consequences
18%
What sometimes jumpscares you in FNaF 4 DLC?Pumpkin
17%
What animatronic does the secret endoskeleton belong to in FNaF VR?Nightmare Fredbear
15%
Who helps in the making of FNaF AR?Illumix
9%
What is the name of the "animatronic" at the end of the book series?Stitchwraith
9%
What is the name of the main FNaF Book Series?Fazbear's Frights
8%
What spirit controls the killing and can't see?Andrew
6%
Who helps in the making of FNaF Console Ports?Clickteam
6%
What spirit controls the body and can see?Jake
6%
What is the signature phrase first seen in FNaF 1?Save Them
5%

Score Distribution

Percentile by Number Answered

Percent of People with Each Score

Your Score History

You have not taken this quiz